| 000 | 00613nam a22001937a 4500 | ||
|---|---|---|---|
| 999 |
_c160640 _d160640 |
||
| 005 | 20190207111540.0 | ||
| 010 | _aENG-124762 | ||
| 020 |
_a8185883416 _c300.00 |
||
| 035 | _aEN-108294 | ||
| 037 | _bDBAD/PUB | ||
| 082 | _a181.432 | ||
| 100 | _aJyotirmayananda, Swami | ||
| 245 |
_aYoga secrets of psychic powers/ _cby Swami Jyotirmayananda |
||
| 250 | _a2nd | ||
| 260 |
_aGhaziabad, (U.P) _bInternational Yoga Society _c2014 |
||
| 270 |
_aLal Bagh, Loni _bGhaziabad _e201102 _k0120-2600237, 0120-2686938 _miysindia@gmail.com |
||
| 300 |
_a239p. _c21cm(Pbk) |
||
| 942 |
_2ddc _cEN _h181.432 _mSWA |
||